Character By Facial Hair - Statistics

General Stats
  • This quiz has been taken 34 times
  • The average score is 6 of 16
Answer Stats
Picture Answer % Correct
Jack Sparrow
96%
Hercule Poirot
63%
Aragorn
58%
V
58%
Tony Stark
54%
Henry Jones Sr
50%
Vito Corleone
50%
Jack Torrance
46%
Tyler Durden
46%
Charles Kane
33%
Col. Mustard
21%
Evil Spock
21%
Radagast the Brown
13%
Seamus Mcfly
13%
Roman Strauss
8%
Teddy
8%
No matching quizzes found
Score Distribution
Percent of People with Each Score
Percentile by Number Answered
Your Score History
You have not taken this quiz